000 00256nam a2200097Ia 4500
001 647858
005 20250826153710.0
008 250824s9999 xx 000 0 und d
245 0 _aMÜSLÜMANLARIN TARİHİ 1
_cİHSAN SÜREYYA SIRMA
260 _bBEYAN YAYINLARI
999 _c647858
_d647858